কুডিগ্র্রামেে আরবী ও ইসলামী শিক্ষা সম্প্র্র্রসারণেে আলিমদের অবদান (১৯০০ -২০০৬খ্রী.) / (Record no. 79274)
[ view plain ]
| 000 -LEADER | |
|---|---|
| fixed length control field | 02664nam a22003137a 4500 |
| 001 - CONTROL NUMBER | |
| RUCL Control Number | 79274 |
| 003 - CONTROL NUMBER IDENTIFIER | |
| rucl marc code | BD-RjUL |
| 005 - DATE AND TIME OF LATEST TRANSACTION | |
| control field | 20220323180950.0 |
| 008 - FIXED-LENGTH DATA ELEMENTS--GENERAL INFORMATION | |
| fixed length control field | 220130b2014bg |||a|||| m||| 00| 0 ben d |
| 035 ## - SYSTEM CONTROL NUMBER | |
| system control number | (BD-RjUL)79274 |
| 040 ## - CATALOGING SOURCE | |
| Original cataloging agency | BD-RjUL |
| Language of cataloging | ben / eng |
| Transcribing agency | BD-RjUL |
| Modifying agency | BD-RjUL |
| 041 ## - LANGUAGE CODE | |
| Language code of Book | ben |
| 082 ## - DEWEY DECIMAL CLASSIFICATION NUMBER | |
| Classification number | 297.77095492 |
| Author mark and Year | FAK 2014 |
| DDC Edition number | 23 |
| 100 ## - MAIN ENTRY--PERSONAL NAME | |
| Personal name | ফারায়েজী, মোহাম্মদ আব্দুল হাকিম |
| 9 (RLIN) | 972 |
| 245 ## - TITLE STATEMENT | |
| Title | কুডিগ্র্রামেে আরবী ও ইসলামী শিক্ষা সম্প্র্র্রসারণেে আলিমদের অবদান (১৯০০ -২০০৬খ্রী.) / |
| Statement of responsibility, etc | মোহাম্মদ আব্দুল হাকিম ফারায়েজী ; |
| Name of Supervisor/Co-Supervisor | প্র্রিন্সিপাল সুপারভাইজার : মুহাম্মাদ ইকরামুল ইসলাম ; কো - সুপারভাইজার: মুু. আবদুল হক |
| 260 ## - PUBLICATION, DISTRIBUTION, ETC. (IMPRINT) | |
| Place of publication, distribution, etc | রাজশাহী : |
| Name of publisher, distributor, etc | আরবী বিভাগ, রাজশাহী বিশ্ববিদ্যালয়, |
| Date of publication, distribution, etc | ২০১৪ |
| 300 ## - PHYSICAL DESCRIPTION | |
| Pagination | ii, ৩৫৯ পাতা : |
| Other physical details | চিএ ; |
| Dimensions | ৩০ সেমি. |
| 502 ## - DISSERTATION NOTE | |
| Dissertation note | থিসিস (পিএইচ. ডি.) -- আরবী বিভাগ, রাজশাহী বিশ্ববিদ্যালয়,২০১৪ |
| 504 ## - BIBLIOGRAPHY, ETC. NOTE | |
| Bibliography, etc | গ্রন্থপঞ্জি পাতা : [৩৪৭] - ৩৫৯ |
| 650 ## - SUBJECT ADDED ENTRY--TOPICAL TERM | |
| Topical term or geographic name as entry element | ইসলামী ধর্মীয় শিক্ষা |
| Geographic subdivision | বাংলাদেশ |
| -- | কুডিগ্র্রাম জেলা |
| Chronological subdivision | ১৯০০ -২০০৬ খ্রিষ্টাব্দ |
| 9 (RLIN) | 2002 |
| Topical term or geographic name as entry element | Islamic religious education |
| Geographic subdivision | Bangladesh |
| -- | Kurigram District |
| Chronological subdivision | 1900-2006 A. D. |
| 9 (RLIN) | 2003 |
| Topical term or geographic name as entry element | শিক্ষা এবং রাষ্ট্র |
| Geographic subdivision | বাংলাদেশ |
| -- | কুডিগ্র্রাম জেলা |
| Chronological subdivision | ১৯০০ -২০০৬ খ্রিষ্টাব্দ |
| 9 (RLIN) | 2004 |
| Topical term or geographic name as entry element | Education and state |
| Geographic subdivision | Bangladesh |
| -- | Kurigram District |
| Chronological subdivision | 1900-2006 A. D. |
| 9 (RLIN) | 2005 |
| Topical term or geographic name as entry element | মাদ্রাসা |
| Geographic subdivision | বাংলাদেশ |
| -- | কুডিগ্র্রাম জেলা |
| Chronological subdivision | ১৯০০ -২০০৬ খ্রিষ্টাব্দ |
| 9 (RLIN) | 2006 |
| Topical term or geographic name as entry element | Madrasahs |
| Geographic subdivision | Bangladesh |
| -- | Kurigram District |
| Chronological subdivision | 1900-2006 A. D. |
| 9 (RLIN) | 2007 |
| 700 ## - ADDED ENTRY--SUPERVISOR/CO-SUPERVISOR NAME | |
| Personal name | ইসলাম, মুহাম্মাদ ইকরামুল, প্র্রিন্সিপাল সুপারভাইজার |
| 9 (RLIN) | 975 |
| Personal name | হক, মুু. আবদুল, কো - সুপারভাইজার |
| 9 (RLIN) | 976 |
| 942 ## - ADDED ENTRY ELEMENTS (KOHA) | |
| Source of classification or shelving scheme | Dewey Decimal Classification |
| Koha item type | Theses |
| Source of classification or shelving scheme | Damaged status | Not for loan | Collection code | Permanent Location | Current Location | Shelving location | Date of accession | Source of acquisition | Full call number | Barcode | Date last seen | Copy number | Thesis |
|---|---|---|---|---|---|---|---|---|---|---|---|---|---|
| Dewey Decimal Classification | Not For Loan | Theses | Central Library, University of Rajshahi | Central Library, University of Rajshahi | Documentation Section | 25/11/2015 | Controller of Exam., R.U | BTHE 297.77095492 FAK 2014 | D3830 | 30/01/2022 | C-1 | Theses |